000 00775cam a2200277 i 4500
001 2677719
003 NUST
005 20220606110111.0
008 741231r1974 nyu b 001 0 eng
010 _a 74007737
020 _a0394472489 : HBK
_c$15.00
038 _aArshad
040 _aDLC
_cDLC
_dDLC
050 0 0 _aPN1993.5.A1
_bW74 1974b
082 0 0 _a791.4309
_bWRI
100 1 _aWright, Basil.
_97620
245 1 4 _aThe long view /
_cBasil Wright.
250 _a1st American ed.
260 _aNew York :
_bKnopf,
_c1974.
300 _axv, 709, xxii p. ;
_c25 cm.
500 _aIncludes indexes.
504 _aBibliography: p. 697-709.
650 0 _aMotion pictures
_xHistory.
_97621
906 _a7
_bcbc
_corignew
_d2
_eocip
_f19
_gy-gencatlg
942 _2ddc
_cBK
999 _c590117
_d590117